000 00705nam a2200265Ia 4500
003 OSt
005 20221007064329.0
006 a|||||r|||| 00| 0
007 ta
008 221006b |||||||| |||| 00| 0 eng d
024 _a7,597
037 _cTextual
040 _aFLL
_cFLL
_beng
041 _2eng
_aeng
082 _aX724:Z2, M3.3
100 _aRanganathan S. Au.
_9685664
245 0 _aLaw of income tax
250 _a7th
260 _aDelhi
_bBharat pub. house India
_c1983
300 _a2345-3267p
_ccm.
490 _vV3
700 _a Sharma L.M. Au.
_9685665
942 _hX724:Z2, M3.3
_cTEXL
_2CC
999 _c1133734
_d1133734